000
00287nam a2200121Ia 4500
005
20251222154333.0
008
251222s9999||||xx |||||||||||||| ||spa||
020
_a
84-206-1588-9
082
_a
910.021.9/P86
100
_a
"Prieto, Carlos"
245
0
_a
El Océano Pacífico
942
_c
LIB
999
_c
34225
_d
34225